[Event "Nordic Youth-ch A 2019"]
[Site "Borgarnes"]
[Date "2019.02.15"]
[Round "1.11"]
[White "Fuglestein, Sander"]
[Black "Ehrenreich, Simon"]
[Result "1-0"]
[WhiteElo "2024"]
[BlackElo "1756"]
[Annotator "NA RC"]
[PlyCount "81"]
[EventDate "2019.02.03"]
[EventType "swiss"]
[EventCountry "ISL"]
[SourceTitle "playchess.com"]
[Source "ChessBase"]
[SourceQuality "1"]
[TimeControl "40/5400+30:1800+30"]

1. d4 {[%emt 0:00:00]} g6 {[%emt 0:00:00]} 2. c4 {[%emt 0:00:23]} Bg7 {[%emt 0:00:04]} 3. Nf3 {[%emt 0:00:32]} d6 {[%emt 0:00:40]} 4. g3 {[%emt 0:00:15]} Nd7 {[%emt 0:03:37]} 5. Bg2 {[%emt 0:01:09]} c5 {[%emt 0:00:31]} (5... e5 6. O-O exd4 7. Nxd4 Ne7 8. Nc3 O-O 9. e4 Nc6 10. Be3 Nde5 11. Nxc6 bxc6 12. b3 Nxc4 13. bxc4 Bxc3 14. Rc1 Bg7 15. c5 Bb7 16. Qa4 a5 17. Rfd1 Qe7 18. Rb1 {½-½ (30) Erdos,V (2605)-Mamedov,R (2703) Skopje 2018}) 6. Nc3 {[%emt 0:04:33] A41: 1 d4 d6: Tartakower System and Modern Defence} a6 {[%emt 0:07:08]} 7. O-O {[%emt 0:01:54]} Nh6 {[%emt 0:02:24]} 8. e4 $146 {[%emt 0:06:11]} ({Predecessor:} 8. d5 O-O 9. e4 f5 10. Re1 fxe4 11. Nxe4 Nf5 12. Neg5 Ne5 13. Nxe5 Bxe5 {1-0 (32) Strikovic,A (2506)-De La Pena Llerandi,A (1478) Pontevedra 2016}) 8... O-O {[%emt 0:09:35]} 9. Re1 {[%emt 0:17:58]} Re8 {[%emt 0:09:07]} 10. h3 {[%emt 0:04:11]} f5 {[%emt 0:11:34]} 11. Bxh6 {[%emt 0:10:12]} fxe4 {[%emt 0:04:11]} 12. Bxg7 {[%emt 0:08:27]} exf3 {[%emt 0:00:45]} 13. Bh6 {[%emt 0:00:42]} fxg2 {[%emt 0:01:15]} 14. Kxg2 {[%emt 0:00:49]} b6 {[%emt 0:06:36]} 15. Qf3 {[%emt 0:03:50]} Nf6 {[%emt 0:06:04]} 16. d5 {[%emt 0:03:44]} b5 {[%emt 0:05:30]} 17. b3 {[%emt 0:02:13]} e5 {[%emt 0:12:05]} 18. Bg5 {[%emt 0:08:34]} Rf8 {[%emt 0:07:00]} 19. g4 {[%emt 0:04:17]} h6 {[%emt 0:02:34]} 20. Bxh6 {[%emt 0:01:08]} Rf7 {[%emt 0:00:28]} 21. Bg5 {[%emt 0:01:02]} Qf8 {[%emt 0:00:14]} 22. Qg3 {[%emt 0:02:36]} b4 {[%emt 0:01:58]} (22... Bd7 $142 23. a3 Rb8) 23. Ne4 {[%emt 0:01:40]} Nxe4 {[%emt 0:00:45]} 24. Rxe4 {[%emt 0:00:02]} a5 {[%emt 0:00:36]} 25. Rd1 {[%emt 0:04:26]} a4 {[%emt 0:00:31]} 26. Rd3 {[%emt 0:00:47]} axb3 {[%emt 0:01:30]} 27. axb3 {[%emt 0:00:15]} Ra1 {[%emt 0:00:27]} 28. Ree3 {[%emt 0:03:17]} Ra2 {[%emt 0:04:57]} 29. Rf3 {[%emt 0:04:47]} Raa7 {[%emt 0:01:25]} 30. Rxf7 {[%emt 0:01:34]} Rxf7 {[%emt 0:00:23]} 31. Rf3 {[%emt 0:00:48]} Bb7 {[%emt 0:00:42]} 32. Rxf7 {[%emt 0:00:28]} Qxf7 33. Qf3 {[%emt 0:00:12]} (33. Qh4 $142) 33... Qxf3+ {[%emt 0:01:11]} 34. Kxf3 {[%emt 0:00:02]} Kf7 {[%emt 0:00:17]} 35. Ke4 {[%emt 0:00:01]} Bc8 {[%emt 0:00:18]} 36. f4 {[%emt 0:00:24]} exf4 $18 {[%emt 0:00:36]} 37. Kxf4 {[%emt 0:00:23]} Ba6 {[%emt 0:00:33]} 38. Kg3 {[%emt 0:02:47]} Kg7 {[%emt 0:00:25]} 39. Bc1 {[%emt 0:00:10]} Kf6 {[%emt 0:00:46]} 40. Bb2+ {[%emt 0:00:11]} Kg5 {[%emt 0:00:41]} 41. Bg7 {[%emt 0:30:13]} 1-0

[Event "Nordic Youth-ch A 2019"]
[Site "Borgarnes"]
[Date "2019.02.15"]
[Round "1.12"]
[White "Nielsen, Jon I Horni"]
[Black "Wartiovaara, Oliver"]
[Result "0-1"]
[WhiteElo "1756"]
[BlackElo "2021"]
[Annotator "NA RC"]
[PlyCount "58"]
[EventDate "2019.02.03"]
[EventType "swiss"]
[EventCountry "ISL"]
[SourceTitle "playchess.com"]
[Source "ChessBase"]
[SourceQuality "1"]
[TimeControl "40/5400+30:1800+30"]

1. e4 {[%emt 0:00:00]} c5 {[%emt 0:00:00]} 2. Nf3 {[%emt 0:00:19]} Nc6 {[%emt 0:00:03]} 3. d4 {[%emt 0:00:46]} cxd4 {[%emt 0:00:03]} 4. Nxd4 {[%emt 0:00:57]} Nf6 {[%emt 0:00:18]} 5. Nc3 {[%emt 0:01:09]} e5 {[%emt 0:00:12]} 6. Ndb5 {[%emt 0:01:11]} d6 {[%emt 0:00:08]} 7. Bg5 {[%emt 0:00:41]} a6 {[%emt 0:00:06]} 8. Na3 {[%emt 0:02:42]} b5 {[%emt 0:00:16]} 9. Nd5 {[%emt 0:02:09]} Be7 {[%emt 0:00:06]} 10. Bxf6 {[%emt 0:02:12]} Bxf6 {[%emt 0:00:06]} 11. c3 {[%emt 0:00:31]} Bg5 {[%emt 0:00:21]} 12. Be2 {[%emt 0:02:06]} O-O {[%emt 0:01:34]} 13. O-O {[%emt 0:03:38]} Be6 {[%emt 0:07:47]} 14. Nc2 {[%emt 0:03:27]} Ne7 {[%emt 0:02:09]} 15. Nce3 {[%emt 0:02:37]} Bxe3 {[%emt 0:13:51]} 16. Nxe3 {[%emt 0:02:56]} d5 {[%emt 0:02:14]} 17. exd5 {[%emt 0:01:07]} Nxd5 {[%emt 0:00:15]} 18. Bf3 {[%emt 0:01:08]} Nxe3 {[%emt 0:00:41]} 19. fxe3 {[%emt 0:00:14]} Rb8 {[%emt 0:10:47]} 20. Qc2 {[%emt 0:04:05]} f5 {[%emt 0:03:01]} 21. Rfe1 {[%emt 0:04:02]} e4 {[%emt 0:03:18]} 22. Be2 {[%emt 0:00:19]} Qg5 {[%emt 0:13:17]} 23. Bf1 {[%emt 0:04:20]} h5 {[%emt 0:10:26]} 24. a4 {[%emt 0:02:29]} Bc4 {[%emt 0:04:51]} 25. Bxc4+ {[%emt 0:02:24]} bxc4 {[%emt 0:00:06]} 26. Rad1 {[%emt 0:02:15]} Rb3 {[%emt 0:00:48]} 27. Rd4 {[%emt 0:01:21]} Rfb8 {[%emt 0:00:07]} 28. Rb1 {[%emt 0:03:24]} Qxe3+ {[%emt 0:00:13]} 29. Kh1 {[%emt 0:00:58]} Rxb2 {[%emt 0:00:19]} 0-1

[Event "Nordic Youth-ch A 2019"]
[Site "Borgarnes"]
[Date "2019.02.15"]
[Round "1.13"]
[White "Soderstrom, Adrian"]
[Black "Moller, Albert Mechlenburg"]
[Result "1-0"]
[WhiteElo "2138"]
[BlackElo "1845"]
[Annotator "TA"]
[PlyCount "101"]
[EventDate "2019.02.03"]
[EventType "swiss"]
[EventCountry "ISL"]
[SourceTitle "playchess.com"]
[Source "ChessBase"]
[SourceQuality "1"]

{[%evp 22,101,28,23,51,49,49,40,61,47,54,54,77,25,95,77,84,100,107,74,98,66,135,135,143,135,139,132,144,145,158,150,155,156,150,120,159,152,194,190,203,210,205,204,232,239,1211,1211,1615,1627,1513,1514,1445,1381,986,0,1239,1313,866,464,29989,256,874,824,1288,539,911,866,766,575,1373,425,541,504,29990,29991,29991,29990,29990,29991,29991,29992]} 1. d4 Nf6 2. c4 g6 3. Nc3 d5 4. cxd5 Nxd5 5. e4 Nxc3 6. bxc3 Bg7 7. Bc4 c5 8. Ne2 O-O 9. O-O Nc6 10. Be3 Na5 11. Bd3 cxd4 12. cxd4 e5 {[%cal Re5d4] D88: Exchange Grünfeld: Classical Line: 10 Be3 cxd4 11 cxd4} (12... Bg4 13. Rb1 Rc8 14. f3 Bd7 15. d5 b6 16. Ba6 Rc7 17. Bf4 Rc5 18. Qd3 f5 19. h3 Bc8 20. Bb5 {1-0 (39) Wang,H (2690)-Zhou,J (2623) Jinzhou 2009}) 13. d5 f5 14. f3 b6 {White is slightly better.} 15. Rc1 Bd7 16. Nc3 Nb7 17. Nb5 ({Better is} 17. Qd2 $16) 17... Bxb5 (17... fxe4 $11 {keeps the balance.} 18. fxe4 Nc5) 18. Bxb5 $16 Nd6 19. Bd3 Rc8 20. Qa4 Qe7 $146 ({Predecessor:} 20... fxe4 21. Rxc8 Nxc8 22. fxe4 Rxf1+ 23. Bxf1 {½-½ (66) Polushkina,S (1986)-Brenner,S (1921) Germany 2005}) 21. Qb4 f4 ({Black should play} 21... fxe4 $14 22. Rxc8 (22. fxe4 Rxf1+ 23. Rxf1 Qd7 $16) 22... Rxc8 23. fxe4 Qd7) 22. Bf2 Bf6 23. Ba6 Rc7 24. a4 Qd8 25. Rc6 Rxc6 26. dxc6 Qc7 27. Rd1 $36 {[%mdl 2048] Black is under strong pressure.} Rd8 28. Bc4+ Kg7 29. Bd5 Nc8 30. a5 Be7 31. axb6 Nxb6 32. Qc3 a5 33. Kh1 Bb4 $2 (33... h5 34. Bxb6 Qxb6 35. Qxe5+ Bf6) 34. Bxb6 $18 {[%mdl 64] Overworked Piece} Qxb6 35. Qxe5+ {[%mdl 64] Double Attack} Kh6 36. Qxf4+ Kg7 37. Qf7+ Kh6 38. Qf4+ Kg7 39. Qe5+ Kh6 40. g4 {White threatens g5+ and mate.} Bd6 (40... Qe3 $18 41. Rf1 Bd6) 41. Qc3 $2 (41. g5+ {mates} Kh5 42. Qg7 Bf8 43. Qxh7+ Kxg5 {[#]} 44. f4+ $1 {[%mdl 576] Decoy} Kxf4 45. Qh4+ Ke5 46. Qg3+ Kf6 47. Rf1+ Qf2 48. Rxf2+ Kg7 49. Rf7+ Kh8 50. Qxg6 Re8 51. Qh7#) 41... Rf8 $2 (41... Qc7 42. Qf6 Be5 43. Qh4+ Kg7) 42. e5 Bb4 43. Qc2 (43. Qc1+ $142 Kg7 44. Be4) 43... Qc7 44. Qe4 Be7 45. Rb1 Rb8 {intending ...Rxb1+.} 46. Rg1 (46. Rb7 $142 Rxb7 47. cxb7) 46... Rb2 47. Qf4+ Kg7 (47... Bg5 $18 48. Qe4 Qb6) 48. Qf7+ {White mates.} Kh6 {[#]} 49. g5+ $1 Bxg5 50. Qxc7 Bf4 {[#]} 51. Rg3 $1 {Accuracy: White = 62%, Black = 23%.} 1-0

[Event "Nordic Youth-ch A 2019"]
[Site "Borgarnes"]
[Date "2019.02.15"]
[Round "1.14"]
[White "Gudmundsson, Gunnar Erik"]
[Black "Falkevall, Axel"]
[Result "0-1"]
[WhiteElo "1693"]
[BlackElo "2070"]
[Annotator "NA RC"]
[PlyCount "58"]
[EventDate "2019.02.03"]
[EventType "swiss"]
[EventCountry "ISL"]
[SourceTitle "playchess.com"]
[Source "ChessBase"]
[SourceQuality "1"]
[TimeControl "40/5400+30:1800+30"]

1. d4 {[%emt 0:00:00]} Nf6 {[%emt 0:05:12]} 2. c4 {[%emt 0:00:03]} e6 {[%emt 0:00:30]} 3. Nc3 {[%emt 0:00:30]} Bb4 {[%emt 0:00:30]} 4. Qc2 {[%emt 0:00:30]} Nc6 {[%emt 0:00:30]} 5. Nf3 {[%emt 0:00:30]} d6 {[%emt 0:00:30]} 6. Bg5 {[%emt 0:00:30]} O-O {[%emt 0:00:30]} 7. e3 {[%emt 0:00:30]} h6 {[%emt 0:00:30]} 8. Bh4 {[%emt 0:00:30]} e5 {[%emt 0:00:30]} 9. Be2 {[%emt 0:00:30]} exd4 {[%emt 0:00:30]} 10. exd4 {[%emt 0:00:30]} Bg4 {[%emt 0:00:30]} 11. Rd1 Bxf3 {[%emt 0:11:49]} 12. Bxf3 {[%emt 0:24:34]} Re8+ {[%emt 0:01:46]} 13. Be2 {[%emt 0:12:28]} Qe7 {[%emt 0:01:12]} 14. a3 {[%emt 0:00:30]} Bxc3+ {[%emt 0:01:48]} 15. bxc3 {[%emt 0:01:03]} g5 {[%emt 0:00:30]} 16. Bg3 {[%emt 0:04:11]} Ne4 {[%emt 0:07:28]} 17. Rd3 f5 {[%emt 0:04:08]} 18. h4 {[%emt 0:12:32]} f4 {[%emt 0:00:30]} 19. Bh2 {[%emt 0:03:07]} Nxc3 {[%emt 0:06:42]} 20. Rxc3 {[%emt 0:18:47]} Nxd4 {[%emt 0:00:34]} 21. Qg6+ Qg7 {[%emt 0:00:06]} 22. Qxg7+ {[%emt 0:00:59]} Kxg7 23. Kd2 {[%emt 0:00:34]} Rxe2+ {[%emt 0:00:55]} 24. Kd1 {[%emt 0:01:31]} c5 {[%emt 0:00:43]} 25. hxg5 {[%emt 0:02:26]} hxg5 {[%emt 0:00:30]} 26. Re1 {[%emt 0:00:34]} Rae8 {[%emt 0:01:21]} 27. Rxe2 Rxe2 {[%emt 0:00:30]} 28. Bg1 {[%emt 0:01:29]} Ra2 {[%emt 0:00:30]} 29. Bh2 {[%emt 0:04:24]} Rxf2 0-1

[Event "Nordic Youth-ch A 2019"]
[Site "Borgarnes"]
[Date "2019.02.15"]
[Round "1.15"]
[White "Shehzad, Shazil"]
[Black "Iskos, Lukas"]
[Result "1/2-1/2"]
[WhiteElo "1959"]
[BlackElo "1678"]
[Annotator "NA RC"]
[PlyCount "80"]
[EventDate "2019.02.03"]
[EventType "swiss"]
[EventCountry "ISL"]
[SourceTitle "playchess.com"]
[Source "ChessBase"]
[SourceQuality "1"]
[TimeControl "40/5400+30:1800+30"]

1. e4 {[%emt 0:00:04]} Nc6 {[%emt 0:00:25]} 2. Nf3 {[%emt 0:00:00]} e5 {[%emt 0:00:37]} 3. Nc3 {[%emt 0:00:00]} Bc5 {[%emt 0:01:26]} 4. Nxe5 {[%emt 0:00:27]} Nxe5 {[%emt 0:00:25]} 5. d4 {[%emt 0:00:04]} Bd6 {[%emt 0:00:40]} 6. dxe5 {[%emt 0:00:06]} Bxe5 {[%emt 0:00:43]} 7. Bc4 {[%emt 0:00:39]} Nf6 {[%emt 0:01:27] C46: 3 Nc3: Unusual Black 3rd moves} (7... Bxc3+ 8. bxc3 d6 9. O-O Ne7 10. Qh5 O-O 11. Bg5 Qe8 12. Rfe1 Nc6 13. Re3 Kh8 14. Rae1 f6 15. Qxe8 Rxe8 {0-1 (53) Friedrich,N (2324)-Maiorov,N (2531) Vaujany 2014}) 8. O-O {[%emt 0:02:30]} O-O {[%emt 0:00:43]} 9. Qd3 {[%emt 0:02:28]} h6 {[%emt 0:09:03]} 10. f4 {[%emt 0:07:08]} Bxc3 {[%emt 0:01:08]} 11. bxc3 {[%emt 0:00:20]} d6 {[%emt 0:13:31]} 12. Ba3 $146 {[%emt 0:00:58]} ({Predecessor:} 12. e5 Ne8 13. Ba3 Be6 14. Rad1 Bxc4 15. Qxc4 {1-0 (25) Mencos,C (1912)-Emhemed,I (1493) Khanty-Mansiysk 2010}) 12... Re8 {[%emt 0:06:07]} 13. e5 {[%emt 0:01:01]} d5 {[%emt 0:02:25]} 14. Rad1 {[%emt 0:03:01]} c6 {[%emt 0:06:23]} 15. Bb3 {[%emt 0:05:42]} Ne4 {[%emt 0:05:40]} 16. Qf3 {[%emt 0:04:50]} a5 {[%emt 0:05:36]} 17. Bc4 {[%emt 0:14:06]} Qb6+ {[%emt 0:05:51]} 18. Kh1 {[%emt 0:00:14]} h5 {[%emt 0:05:55]} 19. Rd4 {[%emt 0:03:12]} Bg4 {[%emt 0:03:24]} 20. Qe3 {[%emt 0:02:23]} Nxc3 {[%emt 0:08:25]} 21. Qxc3 {[%emt 0:01:18]} dxc4 {[%emt 0:00:04]} 22. Qxc4 {[%emt 0:00:35]} Be2 {[%emt 0:00:16]} 23. Qxe2 {[%emt 0:01:34]} Qxd4 {[%emt 0:00:06]} 24. Qxh5 {[%emt 0:01:15]} Qc4 {[%emt 0:02:04]} 25. Qf3 {[%emt 0:02:01]} Qxc2 {[%emt 0:00:54]} 26. Bd6 {[%emt 0:01:09]} Qxa2 {[%emt 0:01:16]} 27. f5 {[%emt 0:02:59]} a4 {[%emt 0:03:44]} 28. f6 {[%emt 0:01:50]} g6 {[%emt 0:00:08]} 29. Qf4 {[%emt 0:01:37]} Qe2 {[%emt 0:00:42]} 30. Kg1 {[%emt 0:14:30]} Qh5 {[%emt 0:00:35]} 31. g4 {[%emt 0:03:07]} Qh4 $19 {[%emt 0:02:11]} 32. Rf3 {[%emt 0:03:18]} b6 {[%emt 0:04:25]} 33. Kg2 {[%emt 0:02:02]} g5 {[%emt 0:00:55]} 34. Qf5 {[%emt 0:01:33]} Qh6 {[%emt 0:00:12]} 35. Rh3 {[%emt 0:00:12]} Qg6 {[%emt 0:00:06]} 36. Rh5 {[%emt 0:00:52]} Qxf5 37. gxf5 {[%emt 0:00:05]} a3 {[%emt 0:01:25]} 38. Rxg5+ {[%emt 0:00:06]} Kh8 {[%emt 0:00:05]} 39. Rh5+ {[%emt 0:00:32]} Kg8 {[%emt 0:00:05]} 40. Rg5+ {[%emt 0:00:15]} Kh8 {[%emt 0:00:06]} 1/2-1/2

[Event "Nordic Youth-ch A 2019"]
[Site "Borgarnes"]
[Date "2019.02.15"]
[Round "1.16"]
[White "Sinitsyn, Anton"]
[Black "Dale, Gunnar Brandshaug"]
[Result "0-1"]
[WhiteElo "1621"]
[BlackElo "1889"]
[Annotator "NA RC"]
[PlyCount "104"]
[EventDate "2019.02.03"]
[EventType "swiss"]
[EventCountry "ISL"]
[SourceTitle "playchess.com"]
[Source "ChessBase"]
[SourceQuality "1"]
[TimeControl "40/5400+30:1800+30"]

1. c4 {[%emt 0:00:00]} Nf6 {[%emt 0:00:00]} 2. Nc3 {[%emt 0:00:00]} g6 {[%emt 0:00:20]} 3. g3 {[%emt 0:00:55]} Bg7 {[%emt 0:00:07]} 4. Bg2 {[%emt 0:00:07]} O-O {[%emt 0:00:14]} 5. d4 {[%emt 0:00:21]} d6 {[%emt 0:00:23]} 6. e3 {[%emt 0:01:42]} e5 {[%emt 0:01:09]} 7. Nge2 {[%emt 0:00:19]} c6 {[%emt 0:01:25]} 8. O-O {[%emt 0:00:19]} Nbd7 {[%emt 0:00:47]} 9. b3 {[%emt 0:01:59]} Re8 {[%emt 0:01:34]} 10. d5 {[%emt 0:03:28]} c5 {[%emt 0:02:45]} 11. Bb2 {[%emt 0:00:45]} h5 {[%emt 0:07:23]} 12. h4 {[%emt 0:01:22]} Qe7 {[%emt 0:01:53]} 13. e4 {[%emt 0:00:12]} Ng4 {[%emt 0:01:33]} 14. Nb5 {[%emt 0:03:10]} Rf8 {[%emt 0:01:47]} 15. Bc1 {[%emt 0:03:44]} a6 {[%emt 0:02:29]} 16. Nbc3 {[%emt 0:00:47]} Kh7 {[%emt 0:03:09]} 17. f3 {[%emt 0:03:10]} Nh6 {[%emt 0:01:11]} 18. Qd3 {[%emt 0:01:54]} f5 {[%emt 0:06:48]} 19. Bg5 {[%emt 0:01:24]} Nf6 {[%emt 0:02:07]} 20. f4 {[%emt 0:03:08]} Nf7 {[%emt 0:01:42]} 21. Bxf6 {[%emt 0:02:47]} Bxf6 {[%emt 0:04:17]} 22. Rae1 {[%emt 0:00:50]} exf4 {[%emt 0:06:33]} 23. Nxf4 {[%emt 0:04:33]} Bd4+ {[%emt 0:01:02]} 24. Kh2 {[%emt 0:02:24]} Ne5 {[%emt 0:00:45]} 25. Qd2 {[%emt 0:05:52]} Qg7 {[%emt 0:03:18]} 26. Nce2 {[%emt 0:10:29]} Ng4+ {[%emt 0:02:02]} 27. Kh1 {[%emt 0:01:10]} Nf2+ {[%emt 0:03:38]} 28. Kh2 {[%emt 0:01:19]} Ng4+ {[%emt 0:00:27]} 29. Kh1 {[%emt 0:00:08]} Bf2 {[%emt 0:00:15]} 30. Rb1 {[%emt 0:02:23]} Be3 {[%emt 0:01:44]} 31. Qc3 {[%emt 0:05:17]} Nf2+ {[%emt 0:00:43]} 32. Kh2 {[%emt 0:00:51]} Ng4+ {[%emt 0:03:47]} 33. Kh1 {[%emt 0:00:06]} fxe4 {[%emt 0:00:54]} 34. Qxg7+ {[%emt 0:02:54]} Kxg7 {[%emt 0:00:06]} 35. Nc3 {[%emt 0:03:41]} Bf5 {[%emt 0:02:35]} 36. Ne6+ {[%emt 0:01:20]} Bxe6 {[%emt 0:00:35]} 37. dxe6 {[%emt 0:00:10]} Nf2+ {[%emt 0:02:18]} 38. Kh2 {[%emt 0:00:22]} Rae8 {[%emt 0:01:32]} 39. Nxe4 {[%emt 0:00:32]} Ng4+ {[%emt 0:00:16]} 40. Kh1 {[%emt 0:01:38]} Rxe6 {[%emt 0:00:52]} 41. Rxf8 {[%emt 0:30:49]} Kxf8 {[%emt 0:30:04]} 42. Re1 {[%emt 0:02:51]} Bd4 {[%emt 0:05:53]} 43. Bf3 {[%emt 0:06:38]} Ne3 {[%emt 0:04:17]} 44. Ng5 {[%emt 0:01:30]} Re7 {[%emt 0:00:36]} 45. Bd5 {[%emt 0:00:51]} Nxd5 {[%emt 0:00:33]} 46. Ne6+ {[%emt 0:01:25]} Rxe6 {[%emt 0:00:53]} 47. Rxe6 {[%emt 0:00:08]} Ne7 {[%emt 0:07:03]} 48. Rxd6 {[%emt 0:01:18]} Be5 {[%emt 0:00:25]} 49. Rd8+ {[%emt 0:01:04]} Kf7 {[%emt 0:00:15]} 50. Rd3 {[%emt 0:00:10]} Ke6 {[%emt 0:00:17]} 51. Kg2 {[%emt 0:00:33]} Nf5 {[%emt 0:00:36]} 52. Rd5 {[%emt 0:01:54]} Ne3+ {[%emt 0:00:24]} 0-1

[Event "Nordic Youth-ch A 2019"]
[Site "Borgarnes"]
[Date "2019.02.15"]
[Round "1.17"]
[White "Sakic, Matija"]
[Black "Kvaloy, Aksel Bu"]
[Result "0-1"]
[WhiteElo "1421"]
[BlackElo "2066"]
[Annotator "NA RC"]
[PlyCount "42"]
[EventDate "2019.02.03"]
[EventType "swiss"]
[EventCountry "ISL"]
[SourceTitle "playchess.com"]
[Source "ChessBase"]
[SourceQuality "1"]
[TimeControl "40/5400+30:1800+30"]

1. g3 {[%emt 0:00:00]} e5 {[%emt 0:00:02]} 2. Bg2 {[%emt 0:00:19]} d5 {[%emt 0:00:31]} 3. d3 {[%emt 0:00:39]} Nc6 {[%emt 0:01:24]} 4. Nf3 {[%emt 0:01:13]} Nge7 {[%emt 0:00:59]} 5. O-O {[%emt 0:02:28]} g6 {[%emt 0:00:26]} 6. c4 {[%emt 0:12:50]} Bg7 {[%emt 0:04:43]} 7. Nc3 {[%emt 0:04:38]} d4 {[%emt 0:02:40]} 8. Ne4 {[%emt 0:06:17]} O-O {[%emt 0:02:23]} 9. Ne1 {[%emt 0:06:07]} f5 {[%emt 0:09:11]} 10. Nd2 {[%emt 0:04:11]} Kh8 {[%emt 0:01:24]} 11. Nc2 {[%emt 0:01:27]} a5 {[%emt 0:01:02]} 12. Rb1 {[%emt 0:05:31]} Nb4 {[%emt 0:18:33]} 13. a3 {[%emt 0:01:09]} Nxc2 {[%emt 0:00:25]} 14. Qxc2 {[%emt 0:00:18]} a4 {[%emt 0:04:53]} 15. b4 {[%emt 0:04:37]} axb3 {[%emt 0:01:39]} 16. Nxb3 {[%emt 0:01:19]} Qd6 {[%emt 0:02:31]} 17. Bd2 {[%emt 0:06:00]} c5 {[%emt 0:08:53]} 18. Na5 {[%emt 0:02:33]} Qc7 {[%emt 0:01:09]} 19. Nxb7 {[%emt 0:03:13]} Ra7 {[%emt 0:01:44]} 20. Qb3 {[%emt 0:01:51]} Bxb7 {[%emt 0:01:00]} 21. Bxb7 {[%emt 0:01:03]} Rb8 {[%emt 0:00:47]} 0-1

[Event "Nordic Youth-ch A 2019"]
[Site "Borgarnes"]
[Date "2019.02.15"]
[Round "1.18"]
[White "Medhus, Vitus Bondo"]
[Black "Knudsen, Philip Uhre"]
[Result "1-0"]
[WhiteElo "1788"]
[BlackElo "1394"]
[Annotator "NA"]
[PlyCount "67"]
[EventDate "2019.02.03"]
[EventType "swiss"]
[EventCountry "ISL"]
[SourceTitle "playchess.com"]
[Source "ChessBase"]
[SourceQuality "1"]
[TimeControl "40/5400+30:1800+30"]

1. e4 {[%emt 0:00:00]} e5 {[%emt 0:00:00]} 2. Nf3 {[%emt 0:00:00]} Nf6 {[%emt 0:00:00]} 3. Nxe5 {[%emt 0:00:14]} Nc6 {[%emt 0:00:06]} 4. Nxc6 {[%emt 0:00:37]} dxc6 {[%emt 0:00:01]} 5. Nc3 {[%emt 0:00:33]} Bc5 {[%emt 0:00:11]} 6. Bc4 {[%emt 0:02:16]} Qd4 {[%emt 0:02:04]} 7. Qe2 {[%emt 0:01:02]} Bg4 {[%emt 0:00:06]} 8. f3 {[%emt 0:00:55]} Bd7 {[%emt 0:01:18]} 9. a4 {[%emt 0:00:34]} a6 {[%emt 0:02:06]} 10. d3 {[%emt 0:00:49]} O-O {[%emt 0:00:46]} 11. Nd1 {[%emt 0:01:44]} b5 {[%emt 0:03:42]} 12. Be3 {[%emt 0:01:40]} Qd6 {[%emt 0:00:11]} 13. Ba2 {[%emt 0:00:52]} h5 {[%emt 0:02:09]} 14. c3 {[%emt 0:02:19]} Bxe3 {[%emt 0:01:00]} 15. Nxe3 {[%emt 0:01:17]} c5 {[%emt 0:00:42]} 16. Nc2 {[%emt 0:01:54]} Rfe8 {[%emt 0:01:38]} 17. O-O {[%emt 0:02:37]} h4 {[%emt 0:00:19]} 18. Rfe1 {[%emt 0:00:55]} Nh5 {[%emt 0:01:54]} 19. Rad1 {[%emt 0:02:07]} Qg6 {[%emt 0:01:20]} 20. b4 {[%emt 0:01:18]} Nf4 {[%emt 0:00:48]} 21. Qd2 {[%emt 0:01:15]} Bh3 {[%emt 0:02:10]} 22. Ne3 {[%emt 0:01:07]} Bxg2 {[%emt 0:04:40]} 23. Nxg2 {[%emt 0:01:08]} h3 {[%emt 0:00:22]} 24. Bxf7+ {[%emt 0:01:22]} Kxf7 {[%emt 0:02:57]} 25. Qxf4+ {[%emt 0:00:16]} Kg8 {[%emt 0:00:01]} 26. Re2 {[%emt 0:00:42]} Rf8 {[%emt 0:01:43]} 27. Qe5 {[%emt 0:04:09]} cxb4 {[%emt 0:03:06]} 28. cxb4 {[%emt 0:07:04]} Rxf3 {[%emt 0:02:50]} 29. Qd5+ {[%emt 0:00:22]} Kh7 {[%emt 0:00:25]} 30. Qxa8 {[%emt 0:00:41]} Qb6+ {[%emt 0:03:24]} 31. d4 {[%emt 0:00:37]} Qg6 {[%emt 0:00:16]} 32. e5 {[%emt 0:00:18]} Qh5 {[%emt 0:02:18]} 33. Qe4+ {[%emt 0:00:44]} Kh6 {[%emt 0:00:54]} 34. Qh4 {[%emt 0:00:56]} 1-0

[Event "Nordic Youth-ch A 2019"]
[Site "Borgarnes"]
[Date "2019.02.15"]
[Round "1.19"]
[White "Moller, Tomas"]
[Black "Olsen, William Alexander"]
[Result "0-1"]
[WhiteElo "1226"]
[BlackElo "1646"]
[Annotator "NA RC"]
[PlyCount "46"]
[EventDate "2019.02.03"]
[EventType "swiss"]
[EventCountry "ISL"]
[SourceTitle "playchess.com"]
[Source "ChessBase"]
[SourceQuality "1"]
[TimeControl "40/5400+30:1800+30"]

1. e4 {[%emt 0:00:00]} c6 {[%emt 0:00:00]} 2. d4 {[%emt 0:00:00]} d5 {[%emt 0:00:00]} 3. Nc3 {[%emt 0:00:29]} dxe4 {[%emt 0:00:00]} 4. Nxe4 {[%emt 0:00:13]} Nf6 {[%emt 0:00:10]} 5. Ng3 {[%emt 0:02:43]} h5 {[%emt 0:00:29]} 6. h4 {[%emt 0:01:59]} c5 {[%emt 0:00:28]} 7. c3 {[%emt 0:08:39]} e6 {[%emt 0:04:01]} 8. Nf3 {[%emt 0:02:48]} cxd4 {[%emt 0:07:52]} 9. Qxd4 {[%emt 0:04:14]} Qxd4 {[%emt 0:11:10]} 10. Nxd4 {[%emt 0:00:46]} a6 {[%emt 0:01:06]} 11. Bd3 {[%emt 0:03:52]} Nbd7 {[%emt 0:00:58]} 12. Bd2 {[%emt 0:04:06]} Nc5 {[%emt 0:05:44]} 13. Bc2 {[%emt 0:03:45]} Bd6 {[%emt 0:00:57]} 14. O-O-O {[%emt 0:02:42]} Ng4 {[%emt 0:03:45]} 15. Rhf1 {[%emt 0:03:04]} Nxf2 {[%emt 0:00:51]} 16. Rxf2 {[%emt 0:01:27]} Bxg3 {[%emt 0:00:12]} 17. Rf3 {[%emt 0:04:00]} Bxh4 {[%emt 0:03:42]} 18. Rdf1 {[%emt 0:02:57]} Bf6 {[%emt 0:02:38]} 19. Be3 {[%emt 0:04:09]} Nd7 {[%emt 0:16:05]} 20. a4 {[%emt 0:03:36]} Ne5 {[%emt 0:01:57]} 21. Rh3 {[%emt 0:02:43]} Nc4 {[%emt 0:01:31]} 22. b3 {[%emt 0:03:04]} Nxe3 {[%emt 0:00:35]} 23. Rxe3 {[%emt 0:00:18]} Bg5 {[%emt 0:00:14]} 0-1